Podpora predaja regionálnych produktov na Slovensku

Problematika označovania regionálnych produktov na Slovensku. Zvyšovanie záujmu spotrebiteľov o tieto produkty. Odporúčané formy podpory predaja regionálnych produktov na Slovensku, ktoré budú viesť k zvýšeniu ich predajnosti a k celkovému rozvoju tejto oblasti.

Salvato in:
Dettagli Bibliografici
Autore principale: Krnáčová, Paulína, 1983-
Altri autori: Hykischová, Katarína
Natura: Capitolo di libro
Lingua:slovacco
Soggetti:
Tags: Aggiungi Tag
Nessun Tag, puoi essere il primo ad aggiungerne!!

MARC

LEADER 00000nla a2200000 4500
001 0223478
005 20240502073645.1
041 0 |a slo 
044 |a SK 
245 1 0 |a Podpora predaja regionálnych produktov na Slovensku  |c Paulína Krnáčová, Katarína Hykischová 
520 |a Problematika označovania regionálnych produktov na Slovensku. Zvyšovanie záujmu spotrebiteľov o tieto produkty. Odporúčané formy podpory predaja regionálnych produktov na Slovensku, ktoré budú viesť k zvýšeniu ich predajnosti a k celkovému rozvoju tejto oblasti. 
610 2 0 |a marketing regionálny 
610 2 0 |a podpora predaja 
610 2 0 |a komunikácia marketingová 
610 2 0 |a produkty 
610 2 0 |a značky výrobkov 
610 2 0 |a regióny 
610 2 0 |a Slovensko 
100 1 |a Krnáčová, Paulína, 1983- 
700 1 |a Hykischová, Katarína